Normal view
MARC view
Entry Topical Term
001 - CONTROL NUMBER
- control field: 20954
003 - CONTROL NUMBER IDENTIFIER
- control field: OSt
005 - DATE AND TIME OF LATEST TRANSACTION
- control field: 20210127162803.0
008 - FIXED-LENGTH DATA ELEMENTS
- fixed length control field: 210127|| aca||aabn | a|a d
040 ## - CATALOGING SOURCE
- Original cataloging agency: OSt
- Transcribing agency: OSt
150 ## - HEADING--TOPICAL TERM
- Topical term or geographic name entry element: Learning; Information and Knowledge; Communication; Belief; Unawareness
670 ## - SOURCE DATA FOUND
- Source citation: Work cat.: (OSt)514508: Nagaraj, Abhishek and Stern Scott. 20953, The economics of maps
